• 首页
  • 本馆介绍
  • 公告通知
  • 最新文献
  • 馆藏检索
  • 电子资源
  • 读者导购
  • 参考咨询
  • 我的图书馆
  • 登录
  • 详细信息显示
  • 放入我的书架
  • 预约/预借图书
  • 作者相关作品
  • 分类相关作品
  • 丛书相关作品
  • 出版社相关作品

书目信息

  • 表格格式
  • 工作单格式
  • 卡片格式
题名:
1分钟超强笔记术
    
 
作者: 石井贵士 著 ;商倩 译
分册:  
出版信息: 北京   中国水利水电出版社  2016
页数: 171页
开本: 21cm
丛书名:
单 册:
中图分类: G792
科图分类:
主题词: 读书笔记--du shu bi ji
电子资源:
ISBN: 978-7-5170-4203-7
000 00979nam0 2200265 450
001 012001002691
005 20131030130440.0
010    @a978-7-5170-4203-7@dCNY39.00
099    @aCAL 012016087712
100    @a20160716d2016 em y0chiy50 ea
101 1  @achi@cjpn
102    @aCN@b110000
105    @aa z 000yy
106    @ar
200 1  @a1分钟超强笔记术@A1 fen zhong chao qiang bi ji shu@d= One-minute tips for effective notebook technlques@f石井贵士著@g商倩译@zeng
210    @a北京@c中国水利水电出版社@d2016
215    @a171页@c图@d21cm
330    @a本书主要向读者讲解何谓一分钟笔记术——也就是说如何正确地做笔记。做笔记的前提,就是要做好假设,把笔记写成复习时一看就能清楚明白的内容。
510 1  @aOne-minute tips for effective notebook technlques@zeng
606 0  @a读书笔记@Adu shu bi ji
690    @aG792@v4
701  0 @a石井贵士@Ashi jing gui shi@4著
702  0 @a商倩@Ashang qian@4译
801    @b江苏凤凰@c20191020
905    @b1230157-61@dG792@e1382@f5
    
    1分钟超强笔记术= One-minute tips for effective notebook technlques/石井贵士著/商倩译.-北京:中国水利水电出版社,2016
    171页:图;21cm
    
    
    ISBN 978-7-5170-4203-7:CNY39.00
    本书主要向读者讲解何谓一分钟笔记术——也就是说如何正确地做笔记。做笔记的前提,就是要做好假设,把笔记写成复习时一看就能清楚明白的内容。
●
相关链接 在E读中查询图书 在五车中查询图书 在当当中查询图书 在豆瓣中查询图书


正题名:1分钟超强笔记术     索取号:G792/1382         预约/预借

序号 登录号 条形码 馆藏地/架位号 状态 备注
1 1230157   212301579   第一样本阅览室/ [索取号:G792/1382] 在馆    
2 1230158   212301588   教育系资料室/ [索取号:G792/1382] 在馆    
3 1230159   212301597   教育系资料室/ [索取号:G792/1382] 在馆    
4 1230160   212301604   第四借阅区/ [索取号:G792/1382] 在馆    
5 1230161   212301613   第四借阅区/ [索取号:G792/1382] 在馆    
唐山师范学院图书馆 欢迎您!
大连网信软件有限公司© 版权所有